| 000 | 00723cam a22002531 4500 | ||
|---|---|---|---|
| 999 |
_c531426 _d531426 |
||
| 001 | 7001191 | ||
| 003 | NUST | ||
| 005 | 20191016104136.0 | ||
| 008 | 750904s1957 nyu 000 0 eng | ||
| 010 | _a 57012184 | ||
| 035 | _a(OCoLC)1598554 | ||
| 038 | _aMuhammad Ibrahim | ||
| 040 |
_aDLC _cF _dOCoLC _dDLC |
||
| 042 | _apremarc | ||
| 050 | 0 | 0 |
_aDP402.Y4 _bB7 1957a |
| 082 |
_a914.68 _bBRE 1957 |
||
| 100 | 1 |
_aBrenan, Gerald. _924107 |
|
| 245 | 1 | 0 |
_aSouth from Granada. _c Gerald Brenan |
| 260 |
_aNew York, _bFarrar, Straus and Cudahy _c[1957] |
||
| 300 |
_a282 p. _c21 cm. |
||
| 651 | 0 |
_aYegen (Spain) _xSocial life and customs. _924108 |
|
| 906 |
_a7 _bcbc _coclcrpl _du _encip _f19 _gy-gencatlg |
||
| 942 |
_2ddc _cBK |
||